Competencias del profesional de enfermeria egresado de la corporacion universitaria rafael nuñez 2011- 2015 i periodo / (Registro nro. 3947)
[ vista simple ]
| 000 -LEADER | |
|---|---|
| fixed length control field | 02783nam a2200253 4500 |
| 001 - CONTROL NUMBER | |
| control field | 0000000497 |
| 005 - DATE AND TIME OF LATEST TRANSACTION | |
| control field | 20250329165433.0 |
| 008 - FIXED-LENGTH DATA ELEMENTS--GENERAL INFORMATION | |
| fixed length control field | 170718s2016 000 0 eng d |
| 040 ## - CATALOGING SOURCE | |
| Original cataloging agency | CO-CtgCURN |
| Language of cataloging | spa |
| Transcribing agency | coctgcurn |
| 082 0# - DEWEY DECIMAL CLASSIFICATION NUMBER | |
| Classification number | ENF 2016 |
| Item number | C828 |
| 100 1# - MAIN ENTRY--PERSONAL NAME | |
| Personal name | Cortes Cuevas, Geovany. |
| 245 10 - TITLE STATEMENT | |
| Title | Competencias del profesional de enfermeria egresado de la corporacion universitaria rafael nuñez 2011- 2015 i periodo / |
| Statement of responsibility, etc. | Geovany Cortes Cuevas; Maria F. Garcia Sevilla; Breisy P. Torres Herrera; Asesora: Zorayda Barrios Puerta. |
| 260 ## - PUBLICATION, DISTRIBUTION, ETC. | |
| Place of publication, distribution, etc. | Cartagena de Indias : |
| Name of publisher, distributor, etc. | Corporación Universitaria Rafael Núñez, |
| Date of publication, distribution, etc. | 2016. |
| 504 ## - BIBLIOGRAPHY, ETC. NOTE | |
| Bibliography, etc. note | Trabajo de grado (Enfermera). Corporacion Universitaria Rafael Nuñez. Facultad de Ciencias de la Salud. Enfermeria, 2016. |
| 520 ## - SUMMARY, ETC. | |
| Summary, etc. | Introduccion: Las competencias en enfermeria son importantes porque posibilitan la calidad, gestión y efectividad profesional y laboral, pues contribuyen a asegurar la satisfaccion del papel social del enfermero. Objetivos: Determinar las competencias de los egresados del programa de enfermeria desde la exigencia socio-humanisticas, cientifico-tecnica y las necesidades del mundo del trabajo incluida la opinion de los empleadores con el fin de conocer el impacto de los egresados en el medio y las competencias que estos estan desarrollando. Materiales y metodos: Se diseño un estudio cuantitativo, descriptivo y de corte transversal, la poblacion incluyo a empleadores y a egresaos, determinando una muestra mediante un muestreo aleatorio simple (n = 206). Resultados: Los egresados se caracterizaron por ser femeninos (84,), de edades de 25 29 (50,0,), solteros (52,4,), de estrato dos (52,4,), posterior al egreso la mayoria no ha estudiado (68,4,), otros han cursado especializacion en salud publica (5,8,) y diplomado en cuidado critico (5,3,), ademas, no es muy cercana la relacion con la CURN, pero les gustaria estrechar vinculos (54,9,). Las competencias del saber, profesionales, comunicacionales, del saber hacer y metodologicas mostraron resultados positivos, asi como la opinion de los empleadores. Conclusiones: Las competencias de los egresados del programa de enfermeria se adecuan a las exigencias del mundo del trabajo, tanto desde su punto de vista, como de los empleadores. |
| 650 #0 - SUBJECT ADDED ENTRY--TOPICAL TERM | |
| Topical term or geographic name entry element | Enfermeria |
| General subdivision | Tesis y disertaciones academicas. |
| 700 1# - ADDED ENTRY--PERSONAL NAME | |
| Personal name | Cortes Cuevas, Geovany. |
| 700 1# - ADDED ENTRY--PERSONAL NAME | |
| Personal name | Garcia Sevilla, Maria F. |
| 700 1# - ADDED ENTRY--PERSONAL NAME | |
| Personal name | Torres Herrera, Breisy P. |
| 700 1# - ADDED ENTRY--PERSONAL NAME | |
| Personal name | Barrios Puerta, Zorayda. |
| 856 ## - ELECTRONIC LOCATION AND ACCESS | |
| Uniform Resource Identifier | <a href="https://unicurn.sharepoint.com/:b:/s/biblioteca/ETGg5DF9EulDqn9kgmPhcPMB5NLZmGkYc_SLhIZE1PcO4Q?e=enzrFq">https://unicurn.sharepoint.com/:b:/s/biblioteca/ETGg5DF9EulDqn9kgmPhcPMB5NLZmGkYc_SLhIZE1PcO4Q?e=enzrFq</a> |
| Public note | Click aqui para ver el recurso en texto completo |
| 942 ## - ADDED ENTRY ELEMENTS (KOHA) | |
| Classification part | ENF 2016 |
| Item part | C828 |
| Source of classification or shelving scheme | Dewey Decimal Classification |
| Koha item type | Trabajos de grado |
| Withdrawn status | Lost status | Source of classification or shelving scheme | Damaged status | Not for loan | Collection | Home library | Current library | Shelving location | Date acquired | Source of acquisition | Cost, normal purchase price | Inventory number | Total checkouts | Full call number | Barcode | Date last seen | Copy number | Price effective from | Koha item type |
|---|---|---|---|---|---|---|---|---|---|---|---|---|---|---|---|---|---|---|---|
| Dewey Decimal Classification | Trabajos de grado | Miguel Henríquez Emiliani | Miguel Henríquez Emiliani | Trabajo de grado | 01/06/2017 | El autor | 350000.00 | 018583 | ENF 2016 C828 | 018583 | 01/06/2017 | 1 | 01/06/2017 | Trabajos de grado |